=LDR 00000nam 2200000 4500 =001 INLIS000000000014925 =005 20130612110216 =008 ***********************************Ind** =035 ##$$0010-061300000014925 =041 ##$$a Ind =082 ##$$a 398 =090 ##$$a 398, Sab a =100 ##$$a Sabur =245 ##$$a Amar dan kucingnya, Seri budi pekerti, Sabur. ; penyunting, Sjamsu Dradjat =260 ##$$a 2001 $b Yogyakarta =300 ##$$a 31 hlm, Ilus, 15 cm =650 ##$$a Folklor =700 ##$$a Penyunting Dradjat, Sjamsu =850 ##$$a NBPNMAT